000 01775nam a22003137a 4500
001 9278
003 FISKH
005 20251209084007.0
008 251209b cb ||||| |||| 00| 0 eng d
020 _a9789995001995
040 _aFISKH
_bkhr
_cFISKH
_dFISKH
050 _aPZ7
082 _a398.2
100 _aSakal , Ngoun
245 _aមានអ្វីនៅលើ /
_cអ្នកនិពន្ធ លោកស្រី ងួន សាកល , អ្នករៀបរៀង លោក អ៊ាន ភាង​ , អ្នករចនាទំព័រ លោកស្រី ចក់ ស្រីនី , អ្នកនិត្យ លោក ឈា ឈៀន និង លោក សុខ ប្ញទ្ធី
260 _aភ្នំពេញ :
_bគ្រឺះស្ថានបោះពុម្ពនិងចែកផ្សាយ ,
_c2014.
300 _a8 pages :
_bcolor illustrations ;
_c27 cm .
490 _aរឿងនិទានអប់រំសម្រាប់កុមារ
505 _aH
520 _aពិសីនិងសែមអង្គុយលេងនៅលើគ្រែមុខផ្ទះ ពួកគេឆ្ងល់ថាតើមានអ្វីនៅលើក្បាលអ្នកធ្វើដំំណើរតាមផ្លូវ ។
520 _aPisey and Sem were sitting and playing on the bed in front of the house. They wondered what was on the heads of the travelers passing by on the road.
521 8 _a400
_bLexile estimate
521 8 _aH
_bRaz-Plus
650 _aមានអ្វីនៅលើ
_vរឿងនិទានកុមារ
650 _aWhat is on the
_vChildren's Story
700 _aVisal , Seng
942 _2ddc
_cKHB
_n0
999 _c9278
_d9278